000 00879nam a2200229Ii 4500
003 JO-AjNU
008 230605s9999||||xx |||||||||||||| ||und||
017 _a2021/9/5121
020 _a978-9957-33-901-2
040 _aJO-AjNU
_bara
_erda
_cJO-AjNU
041 _aara
050 1 4 _aPJ7561.2022
100 3 _aالبدراني، عبدالستار عبدالله,
_eauthor
_963017
245 0 0 _aالقناع في الشعر العربي الحديث
250 _aالطبعة الاولى
264 3 1 _aعمان: مؤسسة الوراق للنشر التوزيع، 2022
300 _a316ص
_bيحتوي على مراجع من ص305-316ص
336 _atext
_btxt
_2rdacontent
337 _aunmediated
_bn
_2rdamedia
338 _avolume
_bnc
_2rdacarrier
650 4 _aالنقد الادبي-التحليل الادبي-الشعر العربي-الادب العربي
_963018
999 _aA28563
_c32131
_d32131